| 000 | 00852nam a2200253 i 4500 | ||
|---|---|---|---|
| 003 | DO-SdBNP | ||
| 005 | 20250130142600.0 | ||
| 007 | ta | ||
| 008 | 110113s19? sp r 000 f spa d | ||
| 040 |
_aDO-SdBNP _bspa _cBNPHU _erda |
||
| 082 |
_bR426m _222 |
||
| 110 | 1 |
_aRepública Dominicana. _bSecretaría de Estado de Educación, Bellas Artes y Cultos _923965 |
|
| 245 | 1 | 0 |
_aMis primeros pasos : _bespañol y matematica , primer grado |
| 264 | 1 |
_aSanto Domingo : _bSecretaria de Estado de Educación, Bellas Artes y Culto, _c[fecha no identificada]. |
|
| 300 |
_a153 páginas : _bilustraciones ; _c28 cm. |
||
| 336 |
_2rdacontent _atexto _btxt |
||
| 337 |
_2rdamedia _asin mediación _bn |
||
| 338 |
_2rdacurrier _avolumen _bnc |
||
| 490 | _aDominicana 2000 | ||
| 520 | _a | ||
| 590 | _aInventariado, 2023/ DG | ||
| 910 | _aDG | ||
| 942 |
_2ddc _cLBS1 |
||
| 999 |
_c55436 _d55436 |
||